000 00579nam a2200217Ia 4500
008 131103s9999 xx 000 0 und d
020 _a8125007431
040 _aLoreto College
041 _aEnglish
082 _a920/SCO
_bLCBED/11953
100 _aCourtney, Julia
245 _aSir Peter Scott
_cJulia Courtney
260 _aHyderabad
_bOrient longman
_c1995
300 _a64p.
_b pic.
_c 18cm.
440 _aPeople who have helped the world
504 _aIncludes index
650 _aScott, Sir Peter
651 _aBiography
850 _aLCBED/920/SCO
942 _cBK
999 _c30750
_d81229